| 000 | 01033cab a2200265 4500 | ||
|---|---|---|---|
| 001 | WB3105-34 | ||
| 008 | 090401t1995 xxu||||| |||| 00| 0 eng d | ||
| 035 | _a(Sirsi) u20761 | ||
| 041 | _aeng | ||
| 245 | _aEnforcement notice | ||
| 260 | _c1995 | ||
| 350 | _a0 | ||
| 490 |
_aEstates Gazette Case Summaries _v(1995) EGCS 6(1) (28/1/95) |
||
| 520 | _a"Newham LBC v SoS Environment & another" QBD 13 January 1995. A breach of planning control was alleged by N but overturned by the SoS`s inspector. N argued the decision was perverse and did not follow precedent, but the court "held" that the inspector was entitled to depart from previous decisions as he had given clear and adequate reason. | ||
| 650 | _aBARNET LBC V SOS ENVIRONMENT | ||
| 650 | _aCONVERSION | ||
| 650 | _aFLATS | ||
| 650 | _aNEWHAM LBC V SOS ENVIRONMENT AND ANOTHER | ||
| 650 | _aPPG1 | ||
| 650 | _aPPG3 | ||
| 650 | _aTOWN AND COUNTRY PLANNING ACT 1990 S54A | ||
| 690 | _aPLANNING LAW AND PRACTICE-CASE LAW | ||
| 942 | _n0 | ||
| 948 | _c04/03/1997 | ||
| 999 |
_c13913 _d13913 |
||